01339nam a22002771 450000100060000000300080000600500170001400800410003103500190007204000270009104100080011808200210012611000410014724501090018826000210029730000360031850002210035450400310057565000350060665000390064174000800068094200120076099900170077295201340078995201380092320650BD-RjUL20211209000607.0140301s1964 ilua b 100 0 eng  a(BD-RjUL)20712 aDLCcDLCdBD-RjULbeng aeng00a027.62bSTU 19642 aAmerican Library Association.96373010aStudent use of libraries:ban inquiry into the needs of students, libraries and the educational process. a[Chicago]c1964. axii, 212 p. :billus. ;c24 cm. aPapers of the conference within a conference, July 16-18, 1963, Chicago, Illinois, a feature of the 1963 American Library Association Conference, with commentaries and summary of the discussion group recommendations. aBibliographical footnotes. 0aLibraries and students.963723 0aLibrary sciencexCongresses.913490 aInquiry into the needs of students, libraries, and the educational process. 2ddccBK c20650d20650 00102ddc40728NFICaRUCLbRUCLcReadingd1969-12-29eZeitg28.60l0o027.62 STU 1964r2014-03-01 00:00:00tC-1w2014-03-01yBK 00102ddc40708NFICaRUCLbRUCLcStackd1969-12-29eZeitlingerg28.60l0o027.62 STU 1964r2016-05-11 00:00:00tC-2w2016-05-11yBK